| 000 | 00708nmm a2200241 a 4500 | ||
|---|---|---|---|
| 003 | AR-BaBNM | ||
| 005 | 20251128210807.0 | ||
| 008 | 076020s2003 ||||||||||||||000 | spa|| | ||
| 040 | _cAR-BaBNM | ||
| 100 | 1 | _aAlvarado Oyarce, Otoniel | |
| 245 | 1 | 0 |
_aGerencia y marketing educativo _bherramientas modernas de gestión educativa |
| 250 | _a1ª ed. | ||
| 260 |
_aLima _bUniversidad Alas Peruanas _c2003 |
||
| 300 | 0 |
_a182 p. _bil, gráfs., tablas |
|
| 650 | 4 | _aADMINISTRACION DE EMPRESAS | |
| 650 | 4 | _aORGANIZACION DE LA EDUCACION | |
| 653 | 0 | _aMARKETING | |
| 653 | 0 | _aGESTION EDUCATIVA | |
| 653 | 0 | _aTEORIA DE LAS ORGANIZACIONES | |
| 653 | 0 | _aCALIDAD TOTAL | |
| 942 | _cBK | ||
| 998 | _cme-solo cat | ||
| 999 |
_c16936 _d16936 |
||